Identification of variety of mechanical and physical properties of rocks from the tunnel Višňové

Salvato in:
Dettagli Bibliografici
Autore principale: Adamidis, Georgios (Autore)
Altri autori: Ondrášik, Martin (Relatore della tesi)
Natura: Manoscritto Libro
Lingua:slovacco
inglese
Pubblicazione: 2017
Soggetti:
Accesso online:http://is.stuba.sk/zp/portal_zp.pl?podrobnosti=133977
https://opac.crzp.sk/?fn=detailBiblioForm&sid=E7FF18FD4FFD5019D5FBEB3CC38C
Tags: Aggiungi Tag
Nessun Tag, puoi essere il primo ad aggiungerne!!

MARC

LEADER 00000ntm a22000003a 4500
001 stuzp61991
003 SK-STU
005 20230721102811.0
007 ta
008 150427s2015----xo-----f-mn---000-0-slo-d
040 |a STU  |b slo 
041 0 |a eng 
100 1 |a Adamidis, Georgios  |u 010150  |4 aut  |U SvF Stavebná fakulta  |T SvF Katedra geotechniky  |X 70821  |U V150  |Y 15  |7 70821 
242 0 1 |a Stanovenie rozsahu mechanických a fyzikálnych vlastností hornín z tunela Višňové  |y slo 
245 1 0 |a Identification of variety of mechanical and physical properties of rocks from the tunnel Višňové 
260 |c 2017 
650 4 |a rock mechanics  |2 slo 
650 4 |a uniaxial compressive strength  |2 slo 
650 4 |a point load test  |2 slo 
650 4 |a rock mechanics  |2 eng 
650 4 |a uniaxial compressive strength  |2 eng 
650 4 |a point load test  |2 eng 
700 1 |a Ondrášik, Martin  |u 010150  |k Z1  |4 ths  |U SvF Stavebná fakulta  |T SvF Katedra geotechniky  |X 51590  |U V150  |Y 15  |7 A000051590 
856 4 |u http://is.stuba.sk/zp/portal_zp.pl?podrobnosti=133977 
856 4 |u https://opac.crzp.sk/?fn=detailBiblioForm&sid=E7FF18FD4FFD5019D5FBEB3CC38C